Normal view
MARC view
Entry Personal Name
001 - CONTROL NUMBER
- control field: 48397
003 - CONTROL NUMBER IDENTIFIER
- control field: ARRUPE
005 - DATE AND TIME OF LATEST TRANSACTION
- control field: 20191017100144.0
008 - FIXED-LENGTH DATA ELEMENTS
- fixed length control field: 191017|| aca||aabn | a|a d
040 ## - CATALOGING SOURCE
- Original cataloging agency: ARRUPE
- Transcribing agency: ARRUPE
100 ## - HEADING--PERSONAL NAME
- Personal name: Abdi, Ali A.,
- Dates associated with a name: 1955-
670 ## - SOURCE DATA FOUND
- Source citation: Work cat.: (ARRUPE)0: Issues in African education :, 2005.